Anything BUT Dairy Products Quiz Stats

 Plays Quiz Updated Sep 14, 2017

Challenge
Share
Tweet
Embed
Score 0/20 Timer 02:00
2 Plays Today
% Correct
Broccoli
97.6%
Kale
91.4%
Salmon
91.2%
Pinto beans
90.9%
Sardines
90.7%
Jello
89.6%
Sirloin Steak
89.4%
Spinach
88.9%
Haddock
86.6%
Tuna
83.6%
% Correct
Mahi Mahi
83.1%
Veal
81.2%
Almond milk
80.4%
Calcium-enriched fruit juice
80%
Tofu
77.1%
Chicken Eggs
76.3%
Milk of Magnesia
69.8%
Rice milk
68.8%
Soy milk
62.4%
Mayonnaise
45.7%

You're not logged in!

Compare scores with friends on all Sporcle quizzes.
OR
Log In

You Might Also Like...

Show Comments

Extras

Top Quizzes Today


Score Distribution

Your Account Isn't Verified!

In order to create a playlist on Sporcle, you need to verify the email address you used during registration. Go to your Sporcle Settings to finish the process.

Report this User

Report this user for behavior that violates our Community Guidelines.

Details: